Państwa, które kończą się na "Y" - Statystyki

Ogólne statystyki
  • Ten quiz został rozwiązany 1 368 razy
  • Średni wynik to 5 z 11
Statystyki odpowiedzi
Państwo % Poprawnych
Chiny
69%
Włochy
63%
Niemcy
60%
Czechy
54%
Bahamy
50%
Malediwy
45%
Węgry
45%
Filipiny
44%
Komory
41%
Saint Vincent i Grenadyny
25%
Sudan Południowy
17%
Nie znaleziono quizów pasujących do podanych kryteriów
Rozkład punktacji
Procent ludzi z każdym wynikiem
Percentyl według liczby udzielonych odpowiedzi
Twoja historia wyników
Nie rozwiązałeś tego quizu